| 000 | 00545nam a2200193Ia 4500 | ||
|---|---|---|---|
| 005 | 20250508150616.0 | ||
| 008 | 008 250505s9999 xx 000 0 eng d | ||
| 037 | _aTextual | ||
| 040 |
_aFEDL _beng _cFEDL |
||
| 041 |
_aeng _2eng |
||
| 084 |
_a352.042, CLA _qFEDL |
||
| 100 | _aClarke John J. | ||
| 245 | 0 | _aOutlines of local government of the United Kingdom | |
| 250 | _a16th | ||
| 260 |
_aLondon, UK _bISAAC Pitman and Sons Ltd. _c1949 |
||
| 300 | _ax,381p | ||
| 942 |
_cTEXL _h352.042, CLA |
||
| 999 |
_c1324556 _d1324556 |
||